| 000 | 00584nam a2200193Ia 4500 | ||
|---|---|---|---|
| 005 | 20250507130253.0 | ||
| 008 | 008 250505s9999 xx 000 0 eng d | ||
| 037 | _aSeries Article | ||
| 040 |
_aEASL _beng _cEASL |
||
| 041 |
_aeng _2eng |
||
| 084 | _qEASL | ||
| 100 |
_aZhang Liyan _9670374 |
||
| 245 | 0 | _aStage of political innovation in rural China's local democratistion:Four case of village' political innovations | |
| 260 |
_aIndia _bNew delhi Sage Publications _c2012 |
||
| 300 | _a427-448 | ||
| 650 | _aChina | ||
| 942 | _cSRA | ||
| 999 |
_c1318686 _d1318686 |
||